| Поле | Инд. | ПП | Название | Значение |
|---|---|---|---|---|
| Тип записи | a | |||
| Библиографический уровень | m | |||
| 001 | Контрольный номер | RU/LIBMSTU/264608116 | ||
| 005 | Дата корректировки | 20200417143452.6 | ||
| 020 | 00 | a | ISBN | 5-8291-0231-5 |
| 020 | 00 | a | ISBN | 5-93947-014-9 |
| c | Цена, тираж | 168-00 | ||
| 084 | a | Индекс другой классификации/Индекс ББК | 66.1+66.09+87.62 | |
| 090 | 00 | a | Полочн. индекс | 66.1 |
| x | Авторский знак | Б 68 | ||
| 100 | 10 | a | Автор | Блехер Л. И. |
| 245 | 00 | a | Заглавие | Главный русский спор: от западников и славянофилов до глобализма и Нового Средневековья |
| 260 | 00 | a | Место издания | Москва |
| b | Издательство | Акад. Проект | ||
| b | Издательство | Изд-во Ин-та фонда "Общественное мнение" | ||
| c | Дата издания | 2003 | ||
| 300 | 00 | a | Объем | 608 с. |
| 440 | 00 | a | Серия | Окна и зеркала |
| 650 | _4 | a | Основная рубрика | Общественная мысль в России-История, 19-20 вв.; Глобализация общества |
| 651 | _4 | a | Географическое наименование | Россия |
| 651 | _4 | a | Географическое наименование | Европа |
| 653 | 00 | a | Ключевые слова | Глобализация общества |
| a | Ключевые слова | Западники | ||
| a | Ключевые слова | Культура | ||
| a | Ключевые слова | Нации | ||
| a | Ключевые слова | Общественная мысль | ||
| a | Ключевые слова | Славянофилы | ||
| a | Ключевые слова | Цивилизация российская | ||
| 700 | 10 | a | Другие авторы | Любарский Г. Ю. |
| 990 | 00 | f | Даты поступлений (DOS) | 12.04 |